[Event "TCh-CRC Premier 2012"]
[Site "San Jose CRC"]
[Date "2012.07.22"]
[Round "1.3"]
[White "Urbina Quiros,E"]
[Black "Acevedo Mendez,Lisseth"]
[Result "1-0"]
[WhiteElo "2102"]
[BlackElo "1882"]

1.Nf3 d5 2.g3 c5 3.Bg2 Nc6 4.O-O Nf6 5.d3 Bf5 6.Nbd2 e6 7.c3 Be7 8.Qe1 O-O
9.e4 Bg6 10.Nh4 d4 11.Nxg6 hxg6 12.e5 Nd5 13.c4 Ndb4 14.Qe2 Qc7 15.a3 Na6
16.f4 Rab8 17.h4 Qd7 18.Ne4 f5 19.exf6 Bxf6 20.Qg4 Ne7 21.Bh3 Nc7 22.Nxc5 Qc6
23.Nxe6 Nxe6 24.Qxe6+ Qxe6 25.Bxe6+ Kh7 26.Bd2 Rfe8 27.Rfe1 Nf5 28.Bxf5 gxf5
29.Kf2 Kg6 30.Kf3 Kh5 31.Rxe8 Rxe8 32.Re1 Rc8 33.b4 b6 34.Re6 Rd8 35.Be1 Kg6
36.Bf2 Kf7 37.Rc6 Rd7 38.Rc8 Ke7 39.g4 fxg4+ 40.Kxg4 Ke6 41.f5+ Ke7 42.Bg3 Kf7
43.Rc7 Ke7 44.Rxd7+ Kxd7 45.Kf3 a6 46.Ke4 Kc6 47.Be5  1-0

[Event "ch-AUT 2012"]
[Site "Zwettl AUT"]
[Date "2012.07.22"]
[Round "2.1"]
[White "Shengelia,D"]
[Black "Wallner,J"]
[Result "1/2-1/2"]
[WhiteElo "2545"]
[BlackElo "2309"]

1.Nf3 d5 2.g3 Nf6 3.Bg2 c5 4.d4 e6 5.O-O Nc6 6.c4 dxc4 7.Qa4 cxd4 8.Nxd4 Qxd4
9.Bxc6+ Bd7 10.Rd1 Bxc6 11.Qxc6+ bxc6 12.Rxd4 c5 13.Rxc4 O-O-O 14.Nd2 Kb7
15.Nb3 Rd1+ 16.Kg2 Nd5 17.a4 Be7 18.a5 Kc6 19.a6 Rb8 20.Na5+ Kb5 21.Rg4 g6
22.Nb7 Nb4 23.Ra5+ Kb6 24.Be3 Nxa6 25.Rga4 Rxb7 26.Rxa6+ Kc7 27.Rxa7 Rd7
28.g4 Rxa7 29.Rxa7+ Kc6 30.Ra6+ Kd5 31.Rb6 f5  1/2-1/2

[Event "30th Andorra Open"]
[Site "Andorra la Vella AND"]
[Date "2012.07.23"]
[Round "3.7"]
[White "Valdes,Le"]
[Black "Illescas Cordoba,M"]
[Result "1/2-1/2"]
[WhiteElo "2380"]
[BlackElo "2601"]

1.Nf3 d5 2.g3 c5 3.Bg2 Nc6 4.O-O e5 5.d3 Be7 6.e4 Nf6 7.Nc3 d4 8.Ne2 Nd7
9.c4 a6 10.Ne1 b5 11.f4 bxc4 12.dxc4 O-O 13.Nd3 f6 14.Bd2 Nb6 15.b3 Qd7 16.Nec1 Bb7
17.Nf2 Bd6 18.Bh3 Qe7 19.Ncd3 Rae8 20.Re1 Qf7 21.f5 Ra8 22.Qg4 Rfb8 23.Qh4 Nd7
24.Bg4 Nf8 25.Rf1 a5 26.a4 Ra6 27.Rae1 Rb6 28.Bd1 Ba6 29.Nc1 Kh8 30.Nfd3 Bxc4
31.bxc4 Qxc4 32.g4 Qg8 33.g5 Nd7 34.gxf6 Nxf6 35.Bg5 c4 36.Nf2 Be7 37.Kh1 Rb2
38.Ng4 Qf8 39.Ne2 Ra2 40.Ng1 Rbb2 41.Re2 Rxe2 42.Nxe2 Ra1 43.Bxf6 Bxf6 44.Nxf6 Qxf6
45.Qh3 Nb4 46.Ng3 Nd3 47.Qh5 Qf8 48.Qe2 Qf6 49.Qh5 Qf8 50.Qe2 Qf6  1/2-1/2

[Event "27th Avoine Open"]
[Site "Avoine FRA"]
[Date "2012.07.23"]
[Round "3.22"]
[White "Leruste,G"]
[Black "Duval,Claire"]
[Result "1-0"]
[WhiteElo "2161"]
[BlackElo "1760"]

1.Nf3 d5 2.g3 Nc6 3.d4 Bg4 4.Bg2 Qd7 5.h3 Bf5 6.c3 Bxb1 7.Rxb1 g6 8.O-O Bg7
9.Bf4 e6 10.b4 Nge7 11.Qa4 Ne5 12.Qxd7+ Nxd7 13.Bxc7 Rc8 14.Bf4 Rxc3 15.Rfc1 Rc8
16.Rxc8+ Nxc8 17.Rc1 Ke7 18.Rc7 b5 19.Ne5 Bxe5 20.Bxe5 Re8 21.Rb7 a6 22.e4 dxe4
23.Bxe4 Nd6 24.Bxd6+ Kxd6 25.Ra7 Rc8 26.Rxa6+ Ke7 27.Bc6 Rc7 28.Bxb5 Rb7
29.Ra5 Nf6 30.a3 Nd5 31.Bc6  1-0

[Event "XIV ch-Gdansk Int 2012"]
[Site "Gdansk POL"]
[Date "2012.07.23"]
[Round "3.8"]
[White "Piesik,P"]
[Black "Pastuszko,K"]
[Result "1-0"]
[WhiteElo "2226"]
[BlackElo "1958"]

1.Nf3 d5 2.g3 Nf6 3.Bg2 c5 4.O-O Nc6 5.d3 Bf5 6.Nbd2 e6 7.Qe1 Nb4 8.Qd1 Bd6
9.c3 Nc6 10.Re1 Qc7 11.e4 Bg6 12.Qe2 dxe4 13.dxe4 e5 14.Nc4 O-O 15.Nh4 Rad8
16.Bg5 Be7 17.Nf5 Rfe8 18.Nxe7+ Qxe7 19.Ne3 h6 20.Nd5 Rxd5 21.Bxf6 Qxf6 22.exd5 Nb8
23.Qb5 Qe7 24.d6 Qd7 25.Qxc5  1-0

[Event "23rd Czech Open A"]
[Site "Pardubice CZE"]
[Date "2012.07.23"]
[Round "4.15"]
[White "Petr,Ma"]
[Black "Alekseenko,K"]
[Result "1-0"]
[WhiteElo "2525"]
[BlackElo "2450"]

1.Nf3 d5 2.g3 c5 3.Bg2 Nc6 4.d4 e6 5.O-O Qb6 6.dxc5 Bxc5 7.Nc3 Qd8 8.e4 d4
9.Na4 Be7 10.e5 Qa5 11.c3 Nxe5 12.Nxe5 Qxe5 13.cxd4 Qa5 14.Nc5 Bxc5 15.dxc5 Ne7
16.Qd6 Nf5 17.Bc6+ bxc6 18.Qxc6+ Ke7 19.Qxa8 Rd8 20.Bf4 Qa6 21.Qg2 Bb7 22.f3 Rd3
23.Rae1 Qc4 24.Rc1 Qa6 25.Qe2 f6 26.c6 Qb6+ 27.Kh1 Ba6 28.c7  1-0

[Event "45th Biel Masters Open"]
[Site "Biel SUI"]
[Date "2012.07.24"]
[Round "2"]
[White "Weindl,A"]
[Black "Pelletier,Y"]
[Result "0-1"]
[WhiteElo "2329"]
[BlackElo "2599"]

1.Nf3 d5 2.g3 g6 3.Bg2 Bg7 4.d4 Nh6 5.O-O O-O 6.c4 dxc4 7.e4 Nc6 8.d5 Nb4
9.Nc3 c6 10.Qa4 a5 11.dxc6 bxc6 12.a3 Nd3 13.Qxc4 Ba6 14.Qxc6 Ng4 15.Nd5 Nde5
16.Nxe5 Nxe5 17.Qb6 Bxf1 18.Kxf1 e6 19.Qxd8 Rfxd8 20.Nc3 Rac8 21.Bg5 Rd7
22.Ke2 h6 23.Bf4 Nd3  0-1

[Event "XIV ch-Gdansk Int 2012"]
[Site "Gdansk POL"]
[Date "2012.07.24"]
[Round "4.35"]
[White "Wojszkun,Tadeusz"]
[Black "Teclaf,Pawel"]
[Result "1-0"]
[WhiteElo "1809"]
[BlackElo "1631"]

1.Nf3 d5 2.g3 Nf6 3.Bg2 g6 4.O-O Bg7 5.d4 O-O 6.Nc3 c5 7.e3 Nc6 8.Re1 Ne4
9.Ne2 Qb6 10.c3 Bg4 11.Nd2 Nxd2 12.Qxd2 Bxe2 13.Rxe2 Rfd8 14.b3 e5 15.dxc5 Qxc5
16.Bb2 e4 17.Qc2 Ne5 18.c4 Nd3 19.Bxg7 Kxg7 20.cxd5 Qxd5 21.Rd1 Rac8 22.Qb1 f5
23.Rc2 Qe5 24.Rxc8 Rxc8 25.Bf1 Rd8 26.Bxd3 exd3 27.Rxd3 Rxd3 28.Qxd3 Qa1+
29.Kg2 Qxa2 30.Qd7+ Kg8 31.Qxb7 Qb1 32.Qb8+ Kg7 33.Qxa7+ Kf6 34.Qb6+ Kf7
35.Qb7+ Kf6 36.b4 h5 37.b5 g5 38.Qc6+ Kf7 39.b6 Qd1 40.b7 h4 41.Qc4+  1-0

[Event "Corporation Centre Cup A"]
[Site "Izhevsk RUS"]
[Date "2012.07.24"]
[Round "9.4"]
[White "Kokarev,Dm"]
[Black "Ponkratov,P"]
[Result "1/2-1/2"]
[WhiteElo "2616"]
[BlackElo "2589"]

1.g3 d5 2.Nf3 Nf6 3.Bg2 Nbd7 4.O-O e5 5.c4 c6 6.cxd5 cxd5 7.d4 e4 8.Ne5 Bd6
9.Bf4 Qe7 10.Nc3 O-O 11.Nxd7 Bxd7 12.Bg5 Bc6 13.f3 e3 14.Qd3 Rfe8 15.f4 Rad8
16.Bxd5 Bc7 17.Bf3 h6 18.Bh4 Bxf3 19.Rxf3 Qb4 20.Bxf6 gxf6 21.Rd1 Bb6 22.d5 Qxb2
23.g4 Ba5 24.Nb5 Qxa2 25.Rh3 Rxd5 26.Qxd5 Qxe2 27.Nd6 Qxd1+ 28.Qxd1 e2 29.Qxe2 Rxe2
30.Rxh6 Re6 31.Nxb7 Bb4 32.Rh5 Rb6 33.Na5 Bd2 34.Nc4 Rb1+ 35.Kg2 Bxf4 36.Rf5 Bg5
37.Nd6 Rb2+ 38.Kg3 Rb3+ 39.Kg2 Rb2+ 40.Kg3 Rb3+ 41.Kg2 Bh4 42.Ra5 Rb2+ 43.Kf3 Bf2
44.Nc4 Rc2 45.Ne3 Bxe3 46.Kxe3 Rxh2 47.Rxa7 Kg7 48.Kf4 Rb2 49.Rc7 Rb4+ 50.Kf3 Kg6
51.Ra7 Rb5 52.Kf4 f5 53.gxf5+  1/2-1/2

[Event "99th ch-GBR 2012"]
[Site "North Shields ENG"]
[Date "2012.07.24"]
[Round "2.17"]
[White "Storey,Ch"]
[Black "Varnam,L"]
[Result "1-0"]
[WhiteElo "2247"]
[BlackElo "2070"]

1.Nf3 d5 2.g3 Nf6 3.Bg2 e6 4.d3 Be7 5.Nbd2 c5 6.O-O Nc6 7.c4 O-O 8.b3 a6
9.Bb2 d4 10.a3 e5 11.b4 cxb4 12.axb4 Bxb4 13.Ba3 Bxa3 14.Rxa3 Nd7 15.Nb3 Qe7
16.Qa1 Nc5 17.Nxc5 Qxc5 18.Rb1 Rb8 19.Nd2 f5 20.Bd5+ Kh8 21.Bxc6 Qxc6 22.Rxa6 b6
23.Ra3 Bb7 24.Nf3 f4 25.g4 Qe6 26.h3 h5 27.Rb5 hxg4 28.Rxe5 Qg6 29.Rg5 Qf6
30.hxg4 Bxf3 31.Rh5+ Kg8 32.exf3 Rfe8 33.Kg2 Re2 34.Ra8 Rbe8 35.Qa4 Qf7 36.Rf5 Qg6
37.Rxe8+ Rxe8 38.Qd7 Qe6 39.Qxd4 Rf8 40.Rxf8+ Kxf8 41.Qxf4+ Kg8 42.Qc7 Qf6
43.Qc8+  1-0

[Event "23rd Czech Open A"]
[Site "Pardubice CZE"]
[Date "2012.07.24"]
[Round "5.98"]
[White "Zakhartsov,Vl"]
[Black "Baraeva,I"]
[Result "1-0"]
[WhiteElo "2271"]
[BlackElo "2151"]

1.Nf3 d5 2.g3 Nf6 3.Bg2 c6 4.O-O Bg4 5.d3 Nbd7 6.Nbd2 e6 7.e4 Bd6 8.Qe2 Qc7
9.h3 Bh5 10.Re1 dxe4 11.dxe4 e5 12.Nc4 Bb4 13.c3 Be7 14.Ne3 O-O 15.Nf5 Nc5
16.Bg5 Rfe8 17.Qc4 Ne6 18.Nxe7+ Qxe7 19.Be3 Nd7 20.Nh4 Bg6 21.Nf5 Bxf5 22.exf5 Nc7
23.Qb3 Reb8 24.Rad1 Kh8 25.Rd2 f6 26.Red1 Nf8 27.Kh2 Na6 28.Rd6 Rc8 29.Bf1 Nb8
30.Bc4 b6 31.a4 Nbd7 32.Be6 Rc7 33.Bxd7 Nxd7 34.Qe6 Nf8 35.Qxe7 Rxe7 36.Rxc6 Kg8
37.b4 Kf7 38.c4 Nd7 39.c5 bxc5 40.bxc5 Ke8 41.Rc7 Nf8 42.Rxe7+ Kxe7 43.Rb1 a6
44.Rb7+ Kd8 45.Rxg7 Rc8 46.Rg8 Ke7 47.Bh6 Kf7 48.Rxf8+ Rxf8 49.Bxf8 Kxf8
50.g4 Ke7 51.g5 fxg5 52.c6  1-0

[Event "Open ch-BUL w 2012"]
[Site "Vratsa BUL"]
[Date "2012.07.24"]
[Round "2.5"]
[White "Voiska,M"]
[Black "Olea,L"]
[Result "1-0"]
[WhiteElo "2290"]
[BlackElo "2014"]

1.Nf3 d5 2.g3 c6 3.Bg2 Nd7 4.d4 Ngf6 5.O-O e6 6.Nbd2 Bd6 7.c4 O-O 8.Qc2 e5
9.cxd5 Nxd5 10.Nc4 Qe7 11.Bg5 f6 12.Nxd6 Qxd6 13.Bd2 Re8 14.e4 Nc7 15.Rad1 Qe6
16.d5 Qd6 17.Be3 c5 18.Rc1 b6 19.b4 Na6 20.b5 Nc7 21.a4 a6 22.bxa6 Nxa6 23.Nd2 Nb4
24.Qb3 Ba6 25.Nc4 Bxc4 26.Rxc4 Nb8 27.Bh3 N8a6 28.f4 Rf8 29.Bc1 Nc7 30.Bd2 Nca6
31.Rcc1 Rab8 32.Rf3 Kh8 33.Bc3 Qe7 34.Qc4 exf4 35.gxf4 Qe8 36.e5 fxe5 37.Bxe5 Rb7
38.Rg3 Re7 39.Be6 Nc7 40.d6 Rxe6 41.Bxg7+ Kg8 42.Be5+  1-0

[Event "ch-AUT 2012"]
[Site "Zwettl AUT"]
[Date "2012.07.24"]
[Round "4.6"]
[White "Neubauer,M"]
[Black "Kessler,L"]
[Result "1/2-1/2"]
[WhiteElo "2433"]
[BlackElo "2242"]

1.Nf3 d5 2.g3 Bg4 3.Bg2 c6 4.O-O Nd7 5.d4 e6 6.Nbd2 Bd6 7.e4 Ne7 8.b3 O-O
9.Bb2 a5 10.c4 Bh5 11.Re1 e5 12.exd5 exd4 13.Bxd4 cxd5 14.cxd5 Nxd5 15.Ne4 Be5
16.Bxe5 Nxe5 17.Nc5 Nxf3+ 18.Bxf3 Bxf3 19.Qxf3 Nb4 20.Qxb7 Qd4 21.Ne4 Nd3
22.Rad1 Nxe1 23.Rxd4 Nf3+ 24.Kg2 Nxd4 25.Ng5 Ne6 26.Nxf7 Rab8 27.Qd7 Nf4+
28.gxf4 Rxf7 29.Qd5 a4 30.f5 axb3 31.axb3 Rf8 32.Kg3 Kh8 33.Kg4 Rf6 34.f4 h6
35.h4 Kh7 36.h5 Rb8 37.Qc4 Rfb6 38.Qf7 Rf6 39.Qc4 Rfb6 40.Qe4 Rf6 41.b4 Rb5
42.Qc4 Rb7 43.b5 Rb8 44.Qd3 Rbb6 45.Qd5 Rbd6 46.Qb3 Rb6 47.Qb1 Kh8 48.Qe4 Kh7
49.Qe5 Rb7 50.Kf3 Rbb6 51.Ke4 Rbd6 52.Qb2 Rb6 53.Qb1 Rbd6 54.Ke5 Kh8 55.Qb4 Rb6
56.Qc5 Rb8 57.Ke4 Re8+ 58.Kf3 Rb8 59.Qe5 Rbb6 60.Kg4  1/2-1/2

[Event "ch-AUT 2012"]
[Site "Zwettl AUT"]
[Date "2012.07.24"]
[Round "4.11"]
[White "Ager,J"]
[Black "Schneider Zinner,H"]
[Result "0-1"]
[WhiteElo "2170"]
[BlackElo "2377"]

1.Nf3 d5 2.g3 Nf6 3.Bg2 e6 4.O-O Be7 5.d3 O-O 6.c4 b6 7.cxd5 Nxd5 8.Nc3 Bb7
9.Nd2 c5 10.Qb3 Nxc3 11.bxc3 Bxg2 12.Kxg2 Nc6 13.Nf3 Na5 14.Qc2 b5 15.Rb1 Qd7
16.Rd1 Qc6 17.Kg1 a6 18.c4 b4 19.Bb2 Rfc8 20.Rbc1 Nb7 21.d4 cxd4 22.Nxd4 Qe8
23.Nb3 a5 24.Qe4 Nd8 25.Rc2 f6 26.Nd4 Qg6 27.Qxg6 hxg6 28.Nb5 Nf7 29.Rd7 Bc5
30.Rc7 Ng5 31.Rd2 Rxc7 32.Nxc7 Rc8 33.Rd7 Bb6 34.h4 Nh3+ 35.Kg2 Rxc7 36.Rxc7 Bxc7
37.Kxh3 Be5 38.Bc1 a4 39.c5 Kf7  0-1

[Event "Open ch-BUL w 2012"]
[Site "Vratsa BUL"]
[Date "2012.07.25"]
[Round "3.11"]
[White "Radeva,Viktoria"]
[Black "Salimova,Nurgyul"]
[Result "1/2-1/2"]
[WhiteElo "1767"]
[BlackElo "1753"]

1.Nf3 d5 2.g3 Nf6 3.Bg2 c6 4.d3 Bf5 5.O-O h6 6.Nfd2 e6 7.e4 Bg6 8.Nc3 Bb4
9.Ncb1 O-O 10.c3 Ba5 11.Na3 Bb6 12.Nc2 Nbd7 13.b4 dxe4 14.Nxe4 Ne5 15.Nxf6+ Qxf6
16.d4 Nc4 17.Ne3 Nd6 18.Ng4 Qe7 19.Re1 Nf5 20.Ne5 Bh7 21.a4 Bc7 22.Ng4 Rad8
23.Qb3 h5 24.Ne5 Bxe5 25.Rxe5 Qf6 26.h4 Rd7 27.Bg5 Qg6 28.Rae1 Re8 29.Be4 Rf8
30.Bc2 Nxd4 31.Bxg6 Nxb3 32.Bxh7+ Kxh7 33.R5e2 c5 34.Rb2 c4 35.Be3 a6 36.Kg2 Rd3
37.Rc2 Rfd8 38.Ree2 Rd1 39.Bb6 R8d6 40.Be3 Ra1 41.a5 Rad1 42.Bf4 Rc6 43.Re5 g6
44.Ree2 Rc8  1/2-1/2

[Event "Open ch-BUL w 2012"]
[Site "Vratsa BUL"]
[Date "2012.07.25"]
[Round "3.5"]
[White "Raeva,E"]
[Black "Atanasova,Elitsa"]
[Result "1/2-1/2"]
[WhiteElo "2318"]
[BlackElo "1727"]

1.Nf3 d5 2.g3 g6 3.Bg2 Bg7 4.O-O e5 5.d3 Ne7 6.c4 O-O 7.cxd5 Nxd5 8.Qb3 Nb6
9.Nc3 Nc6 10.Bg5 Qd7 11.Ne4 Qe6 12.Qc2 h6 13.Bd2 Qe7 14.Nc5 Rd8 15.Rac1 Rb8
16.b4 Nd4 17.Nxd4 exd4 18.e4 c6 19.f4 f5 20.Rce1 Qf7 21.a4 fxe4 22.Nxe4 Bf5
23.a5 Nd5 24.Kh1 Rbc8 25.h3 Nc3 26.Bxc3 dxc3 27.g4 Bxe4 28.Bxe4 Rd4 29.f5 g5
30.f6 Bxf6 31.Rf3 Rxb4 32.Ref1 Rb2 33.Qxc3 Bxc3 34.Rxf7 Bg7 35.a6 Rf8 36.Rxf8+ Bxf8
37.axb7 Rxb7 38.Bxc6 Rc7 39.Bd5+ Kg7 40.d4 a5  1/2-1/2

[Event "21st Kavala Open A"]
[Site "Kavala GRE"]
[Date "2012.07.26"]
[Round "2"]
[White "Nikolaou,G"]
[Black "Maghalashvili,Da"]
[Result "0-1"]
[WhiteElo "2259"]
[BlackElo "2472"]

1.Nf3 d5 2.g3 Nf6 3.Bg2 c6 4.O-O Bf5 5.b3 e6 6.Bb2 h6 7.d3 Be7 8.Nbd2 O-O
9.c4 Bh7 10.Rc1 a5 11.a3 Na6 12.Qc2 Nd7 13.Rfe1 Bf6 14.Qb1 Qb6 15.Bxf6 Nxf6
16.Qb2 Rfd8 17.cxd5 exd5 18.Qc3 Nc7 19.Nd4 Na6 20.N4f3 Re8 21.e3 Nc7 22.Nd4 Nd7
23.N2f3 c5 24.Nc2 Nb5 25.Qd2 Nf6 26.b4 axb4 27.axb4 c4 28.dxc4 dxc4 29.Ncd4 Ne4
30.Qe2 Nbd6 31.Nd2 Nxd2 32.Qxd2 Bd3 33.Bf1 Ne4 34.Qb2 c3 35.Rxc3 Bxf1 36.Rxf1 Nxc3
37.Qxc3 Rec8 38.Qb2 Qf6 39.Qe2 Qe7 40.b5 Qe4 41.Rd1 Ra3 42.Qf3 Qxf3 43.Nxf3 Ra2
44.Nd4 Rca8 45.Kg2 Ra1 46.Rd3 R8a3 47.Rxa3 Rxa3 48.g4 Kf8 49.h4 g6 50.h5 gxh5
51.gxh5 Rc3 52.Kg3 Rc5 53.Kg4 Rg5+ 54.Kh4 Kg7 55.f4 Rd5 56.Kg4 Kf6 57.Kh4 Kg7
58.Kg4 Kh7 59.Kh4 f5 60.Kg3 Kg7 61.Kf3 Kf6 62.Ke2 Rc5 63.Kd2 Rc8 64.Nb3 b6
65.Kd3 Rg8 66.Kc3 Rg3 67.Kd3 Rg7 68.Kc3 Ra7 69.Nd2 Ra3+ 70.Kd4 Ke6 71.Nc4 Rb3
72.Nxb6 Rxb5 73.Nc4 Rd5+ 74.Kc3 Rd1 75.Nd2 Rh1 76.Kd3 Rxh5 77.Nf3 Rh3 78.Nd4+ Kf6
79.Ke2 Rg3 80.Kf2 Rg8 81.Nf3 Ra8 82.Nh4 Ra2+ 83.Kg3 Ke6 84.Kf3 Rh2 85.Kg3 Rxh4
86.Kxh4 Kd5 87.Kh5 Ke4 88.Kg6 h5 89.Kg5 Kf3  0-1

[Event "23rd Czech Open A"]
[Site "Pardubice CZE"]
[Date "2012.07.26"]
[Round "7.89"]
[White "Jasny,S"]
[Black "Sabuk,P"]
[Result "1/2-1/2"]
[WhiteElo "2317"]
[BlackElo "2170"]

1.Nf3 d5 2.g3 Nf6 3.Bg2 e6 4.O-O Be7 5.d3 O-O 6.Nbd2 b6 7.e4 Bb7 8.e5 Nfd7
9.Re1 c5 10.c3 Nc6 11.Nf1 b5 12.h4 a5 13.N1h2 a4 14.a3 Na5 15.Bf4 d4 16.Ng4 Nb6
17.cxd4  1/2-1/2

[Event "Open ch-BUL w 2012"]
[Site "Vratsa BUL"]
[Date "2012.07.26"]
[Round "5.3"]
[White "Maksimovic,S"]
[Black "Dragomirescu,An"]
[Result "1/2-1/2"]
[WhiteElo "2230"]
[BlackElo "2242"]

1.Nf3 d5 2.g3 c6 3.Bg2 Nf6 4.O-O Bf5 5.d3 h6 6.Nbd2 Nbd7 7.b3 e5 8.Bb2 Qc7
9.Qe1 Be7 10.e4 dxe4 11.dxe4 Be6 12.Qe2 O-O 13.h3 b5 14.Nh4 Rfe8 15.c4 b4
16.Nf5 Bf8 17.g4 a5 18.Nf3 a4 19.g5 hxg5 20.Nxg5 axb3 21.axb3 Rxa1 22.Rxa1 Nc5
23.Qf3 Rd8 24.Bf1 Bxf5 25.Qxf5 Nxb3 26.Bxe5 Qd7 27.Ra7 Qxf5 28.exf5 Nd7 29.Bc7 Re8
30.c5 Bxc5 31.Rb7 Nd2 32.Bf4 Nxf1 33.Rxd7 b3 34.Kxf1 b2 35.Rb7 Bd4 36.Nf3 Bc3
37.Bd2 Bf6 38.Bg5 Bc3 39.Bd2 Bf6  1/2-1/2

[Event "PAB Romania Open 2012"]
[Site "Arad ROU"]
[Date "2012.07.27"]
[Round "3.37"]
[White "Marcu,A"]
[Black "Mirauta,Stefano-Marius"]
[Result "1-0"]
[WhiteElo "2044"]
[BlackElo "1849"]

1.Nf3 d5 2.g3 Bg4 3.Bg2 e6 4.c4 Nf6 5.Nc3 c6 6.d4 Nbd7 7.cxd5 cxd5 8.Bf4 Bxf3
9.Bxf3 Bb4 10.O-O Qa5 11.Qb3 Rc8 12.Rac1 O-O 13.Nb1 Nb6 14.a3 Be7 15.Nc3 Rc4
16.e3 a6 17.e4 Rc6 18.Rfe1 Rfc8 19.exd5 Nfxd5 20.Bd2 Nc4 21.Nxd5 Nxd2 22.Nxe7+ Kh8
23.Nxc6  1-0

[Event "23rd Czech Open A"]
[Site "Pardubice CZE"]
[Date "2012.07.27"]
[Round "8.56"]
[White "Haba,P"]
[Black "Overbeck,T"]
[Result "1-0"]
[WhiteElo "2485"]
[BlackElo "2295"]

1.Nf3 d5 2.g3 Nf6 3.Bg2 c6 4.O-O Bg4 5.d4 Nbd7 6.Nbd2 e6 7.Re1 Be7 8.e4 dxe4
9.Nxe4 Nxe4 10.Rxe4 Bf5 11.Re1 O-O 12.c3 a5 13.a4 Bg4 14.Bf4 Qb6 15.h3 Bh5
16.Qc1 Rfe8 17.Nd2 Nf6 18.Nc4 Qd8 19.Ne5 Nd5 20.Bd2 Qb6 21.h4 Bd6 22.c4 Bxe5
23.Rxe5 Nf6 24.Bc3 Ra7 25.Qd2 Rea8 26.d5 Qc7 27.dxe6 fxe6 28.Rxe6 Bf7 29.Rxf6 gxf6
30.Bxf6 Be6 31.Qg5+ Kf8 32.Re1 Qf7 33.Qh6+  1-0

[Event "PAB Romania Open 2012"]
[Site "Arad ROU"]
[Date "2012.07.28"]
[Round "2.40"]
[White "Farkas,Lo"]
[Black "Frink,F"]
[Result "0-1"]
[WhiteElo "1920"]
[BlackElo "2197"]

1.Nf3 d5 2.g3 Nf6 3.Bg2 Nc6 4.d4 e6 5.O-O Ne7 6.Nbd2 Ng6 7.c3 Bd6 8.Qc2 O-O
9.e4 dxe4 10.Nxe4 Nxe4 11.Qxe4 c5 12.dxc5 Bxc5 13.b4 Be7 14.Bb2 Bf6 15.a4 Qc7
16.Rac1 Bd7 17.b5 a6 18.Nd4 axb5 19.axb5 Ra2 20.Ba1 e5 21.b6 Qd6 22.Nf5 Qxb6
23.Ne3 Bc6 24.Nd5 Qc5 25.Qb4 Qa5 26.Nxf6+ gxf6 27.Bxc6 bxc6 28.Qd6 c5 29.Qxf6 c4
30.h4 e4 31.Qd4 Qf5 32.Rce1 Ne5 33.Qxe4 Nf3+ 34.Kg2 Nxe1+ 35.Qxe1 Rfa8  0-1

[Event "Politiken Cup 2012"]
[Site "Helsingor DEN"]
[Date "2012.07.28"]
[Round "1.74"]
[White "Karlsson,J"]
[Black "Nielsen,Pa"]
[Result "1-0"]
[WhiteElo "2163"]
[BlackElo "1774"]

1.Nf3 d5 2.g3 Nc6 3.d4 Bf5 4.Bg2 Nf6 5.h3 h6 6.c3 e6 7.Nbd2 Bd6 8.b4 Ne4
9.Bb2 O-O 10.a3 Nxd2 11.Nxd2 b5 12.O-O Ne7 13.e4 dxe4 14.Nxe4 c6 15.Qe2 Bxe4
16.Bxe4 Rc8 17.f4 Re8 18.Rae1 Qd7 19.Bc2 Bb8 20.Bb3 Nf5 21.Rf3 Kf8 22.Qf2 Ne7
23.g4 a6 24.Bc1 Nd5 25.Bd2 Re7 26.Qh4 Nf6 27.g5 Ng8 28.Bc2 f5 29.Bb3 a5 30.Rg3 hxg5
31.Rxg5 a4 32.Ba2 c5 33.bxc5 Rxc5 34.Qh8 Bxf4 35.Bxf4 Rxc3 36.Rxf5+  1-0

[Event "99th ch-GBR 2012"]
[Site "North Shields ENG"]
[Date "2012.07.28"]
[Round "6.13"]
[White "Storey,Ch"]
[Black "Foo,William J"]
[Result "1-0"]
[WhiteElo "2247"]
[BlackElo "2009"]

1.Nf3 d5 2.g3 Nf6 3.Bg2 c6 4.c4 Nbd7 5.O-O e5 6.cxd5 cxd5 7.d4 e4 8.Ne1 Bd6
9.Nc3 h6 10.Nc2 Nb6 11.a4 O-O 12.b3 Be6 13.a5 Nc8 14.Nb5 Be7 15.Ba3 Bxa3
16.Rxa3 Nd6 17.Nxd6 Qxd6 18.a6 Rac8 19.Ra2 b5 20.Qd2 Rc7 21.Qa5 Bd7 22.Rb1 Rfc8
23.Rbb2 Rc3 24.Bf1 Ng4 25.e3 Qf6 26.Ne1 h5 27.h3 Nh6 28.Rc2 Rxc2 29.Rxc2 Rxc2
30.Nxc2 h4 31.Qc7 hxg3 32.fxg3 Qf3 33.Bg2 Qd1+ 34.Kh2 Kh7 35.Qxd7 Qxc2 36.Qxd5 Qc3
37.Qxe4+ f5 38.Qe7 Qxb3 39.d5  1-0

[Event "Washington International 2012"]
[Site "Rockville USA"]
[Date "2012.07.28"]
[Round "2"]
[White "Sundararajan,K"]
[Black "Rozman,Levy"]
[Result "1-0"]
[WhiteElo "2459"]
[BlackElo "2200"]

1.g3 d5 2.Nf3 Nf6 3.Bg2 c6 4.O-O Bg4 5.c4 e6 6.cxd5 exd5 7.h3 Bxf3 8.Bxf3 Bd6
9.d3 O-O 10.Nc3 Qc7 11.Bd2 Na6 12.Rc1 Qd7 13.Kg2 Rfe8 14.a3 Nc5 15.b4 Ne6
16.Na4 Nd4 17.e3 Nf5 18.Nc5 Qc7 19.Bg4 Ne7 20.Bc3 Nxg4 21.hxg4 Ng6 22.Nb3 Be5
23.Nd4 Qd7 24.Rh1 Bxd4 25.Bxd4 Ne5 26.Rh4 f6 27.f4 Ng6 28.Rh5 Re7 29.g5 f5
30.Rxh7 Kxh7 31.Qh5+ Kg8 32.Qxg6 Qe8 33.Qxf5 Qh5 34.g4 Qf7 35.Rh1 Qxf5 36.gxf5 a5
37.g6 axb4 38.axb4 Ra3 39.Rh7 Rxd3 40.f6  1-0

[Event "PAB Romania Open 2012"]
[Site "Arad ROU"]
[Date "2012.07.29"]
[Round "4.27"]
[White "Forlano,L"]
[Black "Frink,F"]
[Result "1-0"]
[WhiteElo "1958"]
[BlackElo "2197"]

1.Nf3 d5 2.g3 Nc6 3.d4 Nf6 4.Bg2 e6 5.O-O Ne7 6.Ne5 Ng6 7.c3 Bd6 8.f4 Nd7
9.Nd2 Ndf8 10.e4 dxe4 11.Nxe4 f6 12.Qa4+ Nd7 13.Nxg6 hxg6 14.Nxd6+ cxd6 15.Qb3 Nb6
16.Bd2 Qc7 17.Qc2 Kf7 18.b3 Bd7 19.c4 Bc6 20.Ba5 Bxg2 21.Qxg2 Qc6 22.Qxc6 bxc6
23.Rf2 d5 24.Bxb6 axb6 25.cxd5 cxd5 26.Rc2 Rhc8 27.Rac1 Rxc2 28.Rxc2 Ra7
29.a4 Ke7 30.Kf2 Kd7 31.Ke3 Ra8 32.Kd3 Kd6 33.Kc3 e5 34.fxe5+ fxe5 35.dxe5+ Kxe5
36.Re2+ Kd6 37.Kd4 Rh8 38.Re5 Rxh2 39.Rxd5+ Kc6 40.Rg5 Rd2+ 41.Kc4 Rd6 42.b4 Re6
43.Kd4 Rd6+ 44.Ke4 Rf6 45.Re5 Kd6 46.a5 bxa5 47.Rxa5 Kc6 48.Ra6+ Kb5 49.Rxf6 gxf6
50.Kd5 Kxb4 51.Ke6 g5 52.Kxf6 g4 53.Kg5 Kc5 54.Kxg4 Kd6 55.Kg5 Ke7 56.Kg6 Kf8
57.g4 Kg8  1-0

[Event "30th Andorra Open"]
[Site "Erts-La Massana AND"]
[Date "2012.07.29"]
[Round "9.17"]
[White "Jerez Perez,A"]
[Black "Lambert,Rom"]
[Result "1/2-1/2"]
[WhiteElo "2407"]
[BlackElo "2138"]

1.Nf3 d5 2.g3 Nf6 3.Bg2 c6 4.O-O Bg4 5.b3 Nbd7 6.Bb2 Qc7 7.c4 e6 8.d3 Be7
9.Nc3 O-O 10.Rc1 Rfd8 11.h3 Bxf3 12.exf3 dxc4 13.dxc4 Nc5 14.Qc2 Nd3 15.Rcd1 Nxb2
16.Qxb2 Rxd1 17.Rxd1 Rd8 18.f4 Rxd1+ 19.Nxd1 Qd7 20.Qc2 h5 21.h4 Bc5 22.Bf3 a5
23.Kg2 Bb4 24.Nb2 Qd4 25.Nd3 g6 26.Ne5 Kg7 27.Qe2 Nd7 28.Nxd7 Qxd7 29.Qb2+ Kg8
30.a3 Bf8 31.b4 axb4 32.axb4 b6 33.b5  1/2-1/2

[Event "XIV ch-Gdansk Int 2012"]
[Site "Gdansk POL"]
[Date "2012.07.29"]
[Round "9.3"]
[White "Zielinski,S"]
[Black "Grabarczyk,M"]
[Result "0-1"]
[WhiteElo "2139"]
[BlackElo "2442"]

1.g3 d5 2.Nf3 Nf6 3.Bg2 c6 4.O-O Bg4 5.Ne5 Bf5 6.d4 Nbd7 7.Nd2 e6 8.Ndf3 Bd6
9.Bf4 Qc7 10.Nxd7 Nxd7 11.Bxd6 Qxd6 12.Nh4 Be4 13.f3 Bg6 14.e4 dxe4 15.fxe4 e5
16.d5 O-O 17.Kh1 Nf6 18.c4 Rac8 19.Qe2 Qc5 20.b3 b5 21.Rac1 cxd5 22.exd5 e4
23.Nxg6 hxg6 24.Bh3 Rc7 25.Qb2 bxc4 26.bxc4 e3 27.Qb5 e2 28.Rfe1 Qxb5 29.cxb5 Rxc1
30.Rxc1 Nxd5 31.Kg1 Re8 32.Kf2 Nb4  0-1

[Event "PAB Romania Open 2012"]
[Site "Arad ROU"]
[Date "2012.07.31"]
[Round "6.20"]
[White "Jugaru,L"]
[Black "Nanu,C"]
[Result "0-1"]
[WhiteElo "1998"]
[BlackElo "2528"]

1.Nf3 d5 2.g3 c6 3.Bg2 Nf6 4.d3 Bg4 5.Nbd2 Nbd7 6.h3 Bh5 7.e4 e6 8.g4 Bg6
9.Nh4 dxe4 10.Nxg6 hxg6 11.Nxe4 Nxe4 12.Bxe4 Qb6 13.Be3 Qa5+ 14.Bd2 Bb4 15.a3 Bxd2+
16.Qxd2 Qxd2+ 17.Kxd2 g5 18.b4 O-O-O 19.a4 Nf6 20.Bg2 Rd4 21.c3 Rf4 22.Ke2 Nd5
23.Bxd5 exd5 24.f3 d4 25.cxd4 Rxd4 26.b5 Re8+ 27.Kf2 Rxd3 28.bxc6 bxc6 29.Rhe1 Rxe1
30.Rxe1 Kd7 31.Re5 Rd5 32.Re4 f6 33.Rb4 Kc7 34.Re4 c5 35.Rc4 Kc6 36.Rc1 Rd7
37.Rc2 Kd5 38.a5 c4 39.a6 Kc5 40.Rb2 c3 41.Rb7 Rd6  0-1

[Event "PAB Romania Open 2012"]
[Site "Arad ROU"]
[Date "2012.07.31"]
[Round "7.12"]
[White "Suciu,DS"]
[Black "Meszaros,An"]
[Result "0-1"]
[WhiteElo "2071"]
[BlackElo "2296"]

1.Nf3 d5 2.g3 Nf6 3.Bg2 c6 4.d3 Bf5 5.Nbd2 h6 6.O-O e6 7.b3 Bc5 8.Bb2 O-O
9.c4 Nbd7 10.Qc1 a5 11.a3 Re8 12.Bc3 Qe7 13.b4 axb4 14.axb4 Bxb4 15.Bxb4 Qxb4
16.Rb1 Qc5 17.Rxb7 Reb8 18.Rxb8+ Rxb8 19.Qa1 Bg6 20.Rb1 Rxb1+ 21.Qxb1 dxc4
22.Nh4 Ng4 23.Nxg6 Qxf2+ 24.Kh1 fxg6 25.Nxc4 Qxe2 26.h3 Nf2+ 27.Kg1 Nxd3
28.Bf1 Qf2+ 29.Kh1 Ne1  0-1

[Event "Politiken Cup 2012"]
[Site "Helsingor DEN"]
[Date "2012.07.31"]
[Round "5.44"]
[White "Rostgaard,T"]
[Black "Percivaldi,Martin"]
[Result "0-1"]
[WhiteElo "2246"]
[BlackElo "2015"]

1.Nf3 d5 2.g3 Nf6 3.Bg2 c6 4.O-O e6 5.d3 Nbd7 6.Nbd2 e5 7.e4 dxe4 8.dxe4 Qc7
9.b3 Bc5 10.Bb2 O-O 11.h3 Re8 12.Qe2 a5 13.a3 b6 14.Rfd1 Ba6 15.Qe1 b5 16.Nf1 Rad8
17.Rd2 Bd6 18.Rad1 Be7 19.g4 c5 20.Ng3 c4 21.bxc4 bxc4 22.Bc3 h6 23.Ra1 Bc5
24.Rdd1 a4 25.Nf5 Qb6 26.Nh2 Nf8 27.Rxd8 Qxd8 28.Ba5 Qc8 29.Nf1 Ng6 30.N1e3 Nf4
31.Nd5 N6xd5 32.exd5 Bb7 33.Rd1 Nxg2 34.Kxg2 Qa8 35.Qd2 Bxa3 36.Kh2 Qc8 37.Bb4 c3
38.Qxc3 Bxb4 39.Qxb4 Qxc2 40.Rd2 Qb3 41.Qa5 a3 42.Nd6 Ra8 43.Qc7 Bxd5 44.Nf5 a2
45.Ne7+ Kh7 46.Nxd5 a1=Q 47.Qxf7 Qaa3 48.Qf5+ Kh8 49.g5 Qf3 50.Qd7 Qaf8 51.gxh6 Qxf2+  0-1